लघु कहानियाँ / (Record no. 50488)
[ view plain ]
| 000 -LEADER | |
|---|---|
| fixed length control field | 01361nam a22002897a 4500 |
| 005 - DATE AND TIME OF LATEST TRANSACTION | |
| control field | 20101206113148.0 |
| 008 - FIXED-LENGTH DATA ELEMENTS--GENERAL INFORMATION | |
| fixed length control field | 101206t xxu||||| |||| 00| 0 hin d |
| 010 ## - LCCN (DPL NO) | |
| LC control number | HIN-91849 |
| 020 ## - INTERNATIONAL STANDARD BOOK NUMBER | |
| Terms of availability | 250.00 |
| International Standard Book Number | 8189562053 |
| 035 ## - SYSTEM CONTROL NUMBER | |
| System control number | HN-64195 |
| 037 ## - SOURCE OF ACQUISITION | |
| Source of stock number/acquisition | DBAD / PUB |
| 040 ## - CATALOGING SOURCE | |
| Original cataloging agency | DPL |
| Language of cataloging | HN |
| 082 ## - DEWEY DECIMAL CLASSIFICATION NUMBER | |
| Classification number | क |
| 100 ## - MAIN ENTRY--PERSONAL NAME | |
| 9 (RLIN) | 24598 |
| Personal name | ठाकुर, रवीन्द्रनाथ |
| 245 ## - TITLE STATEMENT | |
| Title | लघु कहानियाँ / |
| Statement of responsibility, etc | रवीन्द्रनाथ ठाकुर |
| 246 ## - VARYING FORM OF TITLE | |
| Title proper/short title | Lghu Kahaniyan |
| Remainder of title | by Ravinder Nath Tagore |
| 260 ## - PUBLICATION, DISTRIBUTION, ETC. (IMPRINT) | |
| Place of publication, distribution, etc | नई दिल्ली |
| Name of publisher, distributor, etc | राष्ट्रीय हिन्दी साहित्य परिषद |
| Date of publication, distribution, etc | 2011 |
| 270 ## - ADDRESS | |
| Address | 33/1, भूलभुलैयाँ रोड़, महरौली |
| City | नई दिल्ली |
| Postal code | 110030 |
| Telephone number | 011- 26641981 |
| 300 ## - PHYSICAL DESCRIPTION | |
| Extent | 139पृ |
| Dimensions | 22सेमी (सजिल्द) |
| 490 ## - SERIES STATEMENT | |
| Series statement | नोबेल पुरस्कार प्राप्त साहित्यकार द्वारा रचित |
| -- | 25876 |
| 650 ## - SUBJECT ADDED ENTRY--TOPICAL TERM | |
| 9 (RLIN) | 1169 |
| Topical term or geographic name as entry element | लघु कथा साहित्य |
| 650 ## - SUBJECT ADDED ENTRY--TOPICAL TERM | |
| 9 (RLIN) | 25727 |
| Topical term or geographic name as entry element | Hindi Fiction |
| 700 ## - ADDED ENTRY--PERSONAL NAME | |
| 9 (RLIN) | 24599 |
| 700 ## - ADDED ENTRY--PERSONAL NAME | |
| 9 (RLIN) | 25390 |
| 942 ## - ADDED ENTRY ELEMENTS (KOHA) | |
| Source of classification or shelving scheme | Dewey Decimal Classification |
| Item type | Hindi Books |
| Call number suffix | ठाकुर |
| Classification part | क |
| Withdrawn status | Lost status | Source of classification or shelving scheme | Damaged status | Not for loan | Collection code | Home library | Current library | Date acquired | Source of acquisition | Cost, normal purchase price | Total Checkouts | Full call number | Barcode | Date last seen | Copy number | Cost, replacement price | Koha item type |
|---|---|---|---|---|---|---|---|---|---|---|---|---|---|---|---|---|---|
| Dewey Decimal Classification | Not For Loan | Fiction | D.B.Act.Division | D.B.Act.Division | 11/02/2011 | DBAD /PUB | 250.00 | क ठाकुर | HN-64195 | 11/02/2011 | 1 | 250.00 | Hindi Books |
